000 00213 a2200097 4500
001 5094
100 _aBlack,NH
245 _aLab experiments in elementry physics
260 _a
_bMacmillan
_c
090 _c4239
_d4239
942 _aNUST-CAE
_cM
_c30533
999 _c240167
_d240167